| 000 | 01071nam a22002657i 4500 | ||
|---|---|---|---|
| 003 | EG-ScBUE | ||
| 005 | 20260503083325.0 | ||
| 008 | 110119s1995 ku|a frb 000 0 ara dd | ||
| 040 |
_aEG-ScBUE _bara _erda _cEG-ScBUE _dEG-ScBUE |
||
| 082 | 0 | 4 |
_a551.22 _bا غ ا _222 |
| 100 | 1 |
_922084 _aآغا، شاهر جمال، _eمؤلف. |
|
| 245 | 1 | 0 |
_aالزلازل : _bحقيقتها وآثارها / _cتأليف : د. شاهر جمال آغا. |
| 264 | 1 |
_aالكويت : _bالمجلس الوطني للثقافة والفنون والآداب، _c1995. |
|
| 300 |
_a287 صفحة : _bإيضاحيات ؛ _c20 سم. |
||
| 336 |
_2rdacontent _aنص _btxt |
||
| 337 |
_aبدون وسيط _2rdamedia _bn |
||
| 338 |
_aمجلد _bnc _2rdacarrier |
||
| 490 | 0 |
_aعالم المعرفة ؛ _v200 |
|
| 504 | _aيشتمل على إرجاعات ببليوجرافية. | ||
| 541 |
_aد. باسم أحمد ؛ _cإهداء ؛ |
||
| 650 | 7 |
_922048 _aالزلازل. _2BUEsh |
|
| 650 | 7 |
_922085 _aالوقاية ضد الزلازل. _2BUEsh |
|
| 655 | _vReading book | ||
| 942 |
_2ddc _cBB |
||
| 999 |
_c14926 _d14926 |
||